00982nam a2200253 a 450000100060000000300080000600500170001400800410003103500190007204000320009104100080012308200260013110000510015724501070020826000530031530000290036850400360039765100480043365100480048170000240052994200120055399900170056595201460058245281BD-RjUL20211209054005.0160725r19531940enk 000 0 eng d a(BD-RjUL)45399 aANLbengcANLdVSLdBD-RjUL aeng04223a330.941bJOH 19531 aJones, G. P.q(Gwilym Peredur),d1892-913870212aA hundred years of economic development in Great Britain (1840-1940) /cby G. P. Jones and A. G. Pool. aLondon :bGerald Duckworth,c1940 [reprint 1953] a420 p. :bill. ;c22 cm. aIncludes Bibliography and Index 0aGreat BritainxEconomic conditions.9138703 0aGreat BritainxEconomic development91387041 aPool, A. G.9138705 2ddccBK c45281d45281 00102ddc40708NFICaRUCLbRUCLcStackd1957-12-19ePak American com.g15.00l0o330.941 JOH 1953r2016-07-25 00:00:00tC-2w2016-07-25yBK